| 000 | 00903nam a2200289 a 4500 | ||
|---|---|---|---|
| 001 | 26429 | ||
| 003 | CO-ViMGA | ||
| 008 | 141112s2004 ck r 000 u spa d | ||
| 020 | _a9789584225016 | ||
| 040 |
_aCO-ViMGA _bspa _cCO-ViMGA |
||
| 041 | _aSPA | ||
| 090 | _aN BUR9 | ||
| 100 | 1 |
_aBurgos Cantor, Roberto, 1948 - _91452 |
|
| 245 | 1 | 0 |
_aEse silencio / _cRoberto Burgos Cantor |
| 250 | _a1a ed. | ||
| 260 |
_aBogotá : _bSeix Barral, _c2014 |
||
| 300 | _a161 p. | ||
| 490 | _aLos tres mundos | ||
| 500 | _aIncluye datos biográficos del autor en la solapa del libro. | ||
| 650 | 1 | 4 |
_aAUTORES COLOMBIANOS - SIGLO XX _92054 |
| 650 | 1 | 4 |
_aLITERATURA COLOMBIANA - SIGLO XXI _92257 |
| 650 | 1 | 4 |
_aMUJER - NOVELA _941144 |
| 650 | 1 | 4 |
_aNOVELA COLOMBIANA - SIGLO XXI _92137 |
| 650 | 1 | 4 |
_aVILLAS Y ALDEAS - NOVELA _941145 |
| 651 |
_aCARIBE (REGION, COLOMBIA) - NOVELA _941146 |
||
| 942 |
_2ddc _cBK |
||
| 999 |
_c2393 _d2393 |
||